Top 5 Largest Countries by Continent - Statistics

General Stats
  • This quiz has been taken 301 times
  • The average score is 26 of 30
Answer Stats
Country % Correct
Russia
100%
China
98%
United States of America
97%
Australia
96%
Canada
96%
India
96%
Brazil
95%
Argentina
94%
France
94%
Mexico
94%
New Zealand
94%
Germany
92%
Spain
91%
Democratic Republic of the Congo
90%
Algeria
89%
Colombia
88%
Peru
88%
Kazakhstan
87%
Ukraine
87%
Papua New Guinea
85%
Bolivia
83%
Sweden
82%
Saudi Arabia
80%
Sudan
80%
Libya
79%
Fiji
78%
Chad
77%
Honduras
76%
Nicaragua
76%
Solomon Islands
68%
No matching quizzes found
Score Distribution
Percent of People with Each Score
Percentile by Number Answered
Your Score History
You have not taken this quiz